Options, futures and other derivatives

Na minha lista:
Detalhes bibliográficos
Autor principal: Hull, John C.
Formato: Livro
Idioma:inglês
Publicado em: Harlow Pearson 2012
Edição:8th ed.
Assuntos:
Tags: Adicionar Tag
Sem tags, seja o primeiro a adicionar uma tag!

MARC

LEADER 00000nam a2200000 4500
001 0144909
005 20240503114930.3
020 |a 978-0-273-75907-2 
020 |a 0-273-75907-8 
041 0 |a eng 
044 |a GB 
245 1 0 |a Options, futures and other derivatives  |c John C. Hull 
250 |a 8th ed. 
264 1 |a Harlow  |b Pearson  |c 2012 
300 |a xxi, 847 s. 
610 2 0 |a predvídanie 
610 2 0 |a trh kapitálový 
610 2 0 |a trh finančný 
610 2 0 |a papiere cenné 
610 2 0 |a kurz výmenný 
610 2 0 |a ceny 
610 2 0 |a kríza finančná 
610 2 0 |a kríza hospodárska 
610 2 0 |a stratégia obchodná 
610 2 0 |a modelovanie 
610 2 0 |a riziko 
610 2 0 |a deriváty 
610 2 0 |a miera úroková 
100 1 |a Hull, John C.